Church... or Mosque? - Statistics

General Stats
  • This quiz has been taken 70 times
    51 since last reset
  • The average score is 8 of 10
Answer Stats
Question Answer % Correct
Great ______ of Mecca (Mecca, Saudi Arabia) Mosque
93%
______ of the Nativity (Jerusalem, Israel) Church
89%
Blue ______ (Istanbul, Turkey) Mosque
89%
Holy Sepulchre (Jerusalem, Israel) Church
84%
Saints Sergius and Bacchus ______ (Cairo, Egypt) Church
84%
Abbey of the Dormition (Jerusalem, Israel) Church
75%
Kul Sharif (Kazan, Russia) Mosque
73%
Hagia Sophia (Istanbul, Turkey) Mosque
70%
Mosque–Cathedral of Córdoba (Córdoba, Spain) Church
57%
Dome of the Rock (Jerusalem, Israel) Mosque
50%
No matching quizzes found
Score Distribution
Percent of People with Each Score
Percentile by Number Answered
Your Score History
You have not taken this quiz since the last reset